Największe miasta Polski na literę U - Statystyki

Ogólne statystyki
  • Ten quiz został rozwiązany 24 razy
  • Średni wynik to 4 z 5
Statystyki odpowiedzi
Ludność Województwo Podpowiedź Miasto % Poprawnych
15 367 pomorskie To miasto i Słupsk od 2003 roku są połączone porozumieniem zwanym Dwumiastem Ustka
96%
9041 podkarpackie Leży w sercu Bieszczad Ustrzyki Dolne
92%
16 067 śląskie Przebiegają przez nie szlaki takie jak Szlak Zabytkowy czy Szlak Widokowy, i trasy rowerowe, na przykład Główny Karpacki Szlak Rowerowy czy Wiślana Trasa Rowerowa. Ustroń
79%
3000 łódzkie Pierwsze uzdrowisko termalne w Polsce Uniejów
71%
3674 wielkopolskie Rzeka Gwda tam wpada do Noteci Ujście
46%
Nie znaleziono quizów pasujących do podanych kryteriów
Rozkład punktacji
Procent ludzi z każdym wynikiem
Percentyl według liczby udzielonych odpowiedzi
Twoja historia wyników
Nie rozwiązałeś tego quizu